Ricostruisci la Carriera del Calciatore - Luigi Sepe - Statistics

Statistiche generali
  • Questo quiz è stato fatto 2 volte
  • Il punteggio medio è 3 su 9
Statistiche sulle risposte
Hint Risposta % Corretto
2013-2014 Virtus Lanciano
100%
2023- Lazio
50%
2009-2011 Napoli
50%
2018-2022 Parma
50%
2014-2015 Empoli
0%
2015-2016 Fiorentina
0%
2016-2018 Napoli
0%
2011-2013 Pisa
0%
2022-2023 Salernitana
0%
Nessun quiz corrispondente trovato
Distribuzione punteggi
Percentuale di utenti per punteggio
Percentile per numero di risposta
I tuoi punteggi nel tempo
Non hai fatto questo quiz